Biblioteka Instytutu Północnego w Olsztynie

Szczerbcowa brygada w fotografii i relacjach / (Rekord nr 27747)

Szczegóły MARC
000 -Nagłówek
fixed length control field 02515cam a2200613 i 4500
001 - Nr kontrolny bibl., która utworzyła rek.
control field xx004947150
003 - Siglum bibl., której nr kontr. jest w 001
control field NUKAT
005 - Data i czas ostatniej operacji
control field 20260424124100.0
008 - Elementy pola stałej długości
fixed length control field 200916s2020 pl a |001 0dpol c
020 ## - ISBN
ISBN 9788380989863
dopowiedzenie (oprawa twarda) :
warunki dostępności zł 39,00
020 ## - ISBN
anulowany lub błędny ISBN 9788380989833
dopowiedzenie (oprawa twarda) :
warunki dostępności zł 39,00
035 ## - Systemowy numer kontrolny
systemowy numer kontrolny (OCoLC)1199649061
035 ## - Systemowy numer kontrolny
systemowy numer kontrolny (NUKAT)xx004947150
040 ## - Instytucja sporządzająca opis
Instytucja, która sporządziła opis KAT U/DL
język katalgowania-trzyzn. kod pol
zasady opisu rda
Instytucja, która sporządziła rekord KAT U/DLs
Instytucja, która zmodyfikowała rekord KAT U/MP
-- KAT U/DL
-- WR O/KP
-- OLSZT 008/bak
045 2# - Okres czasu dla zawartości
czas między r. 9999 pne a nasz. czas. d1942
-- d1951
046 ## - Kod rodz. daty, data1, data2 (daty pne)
Begin/single date 2020
100 1# - Hasło główne-nazwa osobowa
Nazwa osobowa Balbus, Tomasz
Daty biograficzne (1970- ).
rodzaj współpracy Autor
9 (RLIN) 14767
245 10 - Tytuł właściwy i oznaczenie odpow.
tytuł Szczerbcowa brygada w fotografii i relacjach /
dod. inf. ze s. tyt./ozn. odpow. Tomasz Balbus.
260 ## - Adres wydawniczy
miejsce wydania, dystrybucji itp. Warszawa :
nazwa wydawcy, dystrybutora itp. Instytut Pamięci Narodowej,
data wydania, dystrybucji itp. 2020.
300 ## - Opis fizyczny
objętość i/lub forma materiału 167, [1] strona :
inne szczegóły opisu fizycznego ilustracje ;
format 30 cm.
336 ## - Content Type
Term Tekst
Code txt
Source rdacontent
337 ## - Media Type
Term Bez urządzenia pośredniczącego
Code n
Source rdamedia
338 ## - Carrier Type
Term Wolumin
Code nc
Source rdacarrier
380 ## - Form of work
Form of work Albumy i książki artystyczne
380 ## - Form of work
Form of work Książki
380 ## - Form of work
Form of work Literatura faktu, eseje, publicystyka
386 ## - Creator/Contributor Characteristics
Demographic group term Przynależność kulturowa
Creator/contributor term Literatura polska
388 1# - TIME PERIOD OF CREATION
Time period of creation term 2001-
500 ## - Uwaga ogólna
uwaga ogólna Publikacja przygotowana w ramach prac naukowo badawczych Archiwum Instytutu Pamięci Narodowej.
504 ## - Uwaga o bibliografii
uwaga o bibliografii Bibliografia na stronie 164. Indeks.
600 17 - Hasło przedmiotowe-nazwa osobowa
nazwa osobowa Fróg, Gracjan
daty biograficzne (1911-1951)
źródło hasła DBN
9 (RLIN) 40469
600 17 - Hasło przedmiotowe-nazwa osobowa
nazwa osobowa Fróg, Gracjan
daty biograficzne (1912-1951).
źródło hasła kaba
9 (RLIN) 40470
610 27 - Hasło przedmiotowe-nazwa ciała zbior.
nazwa ciała zbior. lub geogr. 3 Brygada Wileńska (Armia Krajowa)
źródło hasła DBN
9 (RLIN) 39416
610 17 - Hasło przedmiotowe-nazwa ciała zbior.
nazwa ciała zbior. lub geogr. Polska.
nazwa jednostki podrzędnej Armia Krajowa.
-- 3 Brygada "Szczerbca"
określnik formy fotografie.
źródło hasła kaba
9 (RLIN) 40471
610 17 - Hasło przedmiotowe-nazwa ciała zbior.
nazwa ciała zbior. lub geogr. Polska.
nazwa jednostki podrzędnej Armia Krajowa.
-- 3 Brygada "Szczerbca"
określnik formy relacje osobiste.
źródło hasła kaba
9 (RLIN) 40472
648 #7 - SUBJECT ADDED ENTRY--CHRONOLOGICAL TERM
Chronological term 1901-2000
Source of heading or term DBN
9 (RLIN) 34996
648 #7 - SUBJECT ADDED ENTRY--CHRONOLOGICAL TERM
Chronological term 1939-1945
Source of heading or term DBN
9 (RLIN) 36042
648 #7 - SUBJECT ADDED ENTRY--CHRONOLOGICAL TERM
Chronological term 1945-1989
Source of heading or term DBN
9 (RLIN) 36043
650 #7 - Hasło przedmiotowe-nazwa pospolita
nazwa pospolita lub geogr. Podziemie polityczne i zbrojne (1944-1956)
źródło hasła DBN
9 (RLIN) 37255
650 #7 - Hasło przedmiotowe-nazwa pospolita
nazwa pospolita lub geogr. Prześladowania polityczne
źródło hasła DBN
9 (RLIN) 36911
650 #7 - Hasło przedmiotowe-nazwa pospolita
nazwa pospolita lub geogr. Ruch oporu
źródło hasła DBN
9 (RLIN) 35814
650 #7 - Hasło przedmiotowe-nazwa pospolita
nazwa pospolita lub geogr. Służba bezpieczeństwa
źródło hasła DBN
9 (RLIN) 36912
651 #7 - Hasło przedmiotowe-nazwa geogr.
nazwa geograficzna Wilno (Litwa ; okolice)
źródło hasła DBN
9 (RLIN) 35579
655 #7 - Termin określający rodzaj/formę
rodzaj/forma Album
źródło terminu DBN
9 (RLIN) 35390
655 #7 - Termin określający rodzaj/formę
rodzaj/forma Antologia
źródło terminu DBN
9 (RLIN) 34961
655 #7 - Termin określający rodzaj/formę
rodzaj/forma Pamiętniki i wspomnienia
źródło terminu DBN
9 (RLIN) 35005
658 ## - Nazwa określająca cel programu nauczania
główny cel programu nauczania Bezpieczeństwo i wojskowość
658 ## - Nazwa określająca cel programu nauczania
główny cel programu nauczania Historia
710 2# - Hasło dodatkowe - nazwa ciała zbior.
nazwa ciała zbior. lub nazwa geogr. Instytut Pamięci Narodowej - Komisja Ścigania Zbrodni przeciwko Narodowi Polskiemu.
rodzaj współpracy Wydawca
kod rodzaju współpracy pbl
9 (RLIN) 11792
920 ## - ISBN
ISBN 978-83-8098-986-3 (oprawa twarda) : zł 39,00
942 ## - ADDED ENTRY ELEMENTS (KOHA)
Source of classification or shelving scheme Dewey Decimal Classification
Koha item type pozycje dostępne na miejscu
Egzemplarze
Status wycofania Status zagubienia Klasyfikacja Status uszkodzenia Blokada wypożyczeń Kolekcja Lokalizacja macierzysta Lokalizacja bieżąca Data nabycia Numer akcesji Źródło akcesji Cena Nr inwentarzowy il. wypożyczeń Sygnatura Kod kreskowy Date last seen Price effective from Typ egz.
    Dewey Decimal Classification nieuszkodzona   książka w magazynie Biblioteka Instytutu Północnego w Olsztynie Biblioteka Instytutu Północnego w Olsztynie 30/11/2020 D-36/2020 dar 49.00 59931   59931 IPWK21632 24/04/2026 24/04/2026 pozycje dostępne na miejscu
Biblioteka Instytutu Północnego, ul. Partyzantów 87, 10-402 Olsztyn, email: biblioteka(at)ip.olsztyn.pl